000 01877nam a2200301 a 4500
001 77900
003 BD-RjUL
005 20211209083048.0
008 210208s2014 bg ||||| m||| 00| 0 ben d
035 _a(BD-RjUL)78126
040 _aBD-RjUL
_bben /eng
_cBD-RjUL
_dBD-RjUL
041 _aben
082 _a891.4409
_bBER 2014
_223
100 _aবেগম, নাজনীন
_9244567
245 1 0 _aরবীন্দ্র-সাহিত্য নারী :
_bআর্থ সামাজিক বিবেচনা /
_cনাজনীন বেগম ;
_6তত্ত্বাবধায়ক : স্বরোচিষ সরকার
260 _aরাজশাহী :
_bইনস্টিটিউট অব বাংলাদেশ স্টাডিজ, রাজশাহী বিশ্ববিদ্যালয়,
_c২০১৪
300 _avii, ২৩৩ পাতা;
_c২৯ সেমি.
502 _aথিসিস (পিএইচ. ডি.) -- ইনস্টিটিউট অব বাংলাদেশ স্টাডিজ, রাজশাহী বিশ্ববিদ্যালয়, ২০১৪
504 _aগ্রন্থপঞ্জি : পাতা ২৩০-২৩৩
600 _aঠাকুর, রবীন্দ্রনাথ,
_d--১৮৬১-১৯৪১
_xসমালোচনা ও ব্যাখা
_9244630
600 _aTagore, Rabindranath,
_d--1861-1941
_xCriticism and interpretation
_9244631
650 _aবাংলা সাহিত্য
_xইতিহাস ও সমালোচনা
_9244570
650 _aBengali literature
_xHistory & Criticism
_9244571
650 _aসাহিত্যে নারী
_9244612
650 _aWomen in literature
_9244613
700 _aসরকার, স্বরোচিষ, তত্ত্বাবধায়ক
_9244572
942 _2ddc
_cTHE
999 _c77900
_d77900